Principles of signal processing and linear systems / (Record no. 101837)
[ view plain ]
| 000 -LEADER | |
|---|---|
| fixed length control field | 01099nam a22002777a 4500 |
| 005 - DATE AND TIME OF LATEST TRANSACTION | |
| control field | 20170504122357.0 |
| 010 ## - LCCN (DPL NO) | |
| LC control number | 1617EN ENG-117089 |
| 020 ## - INTERNATIONAL STANDARD BOOK NUMBER | |
| Terms of availability | 595.00 |
| International Standard Book Number | 9780198062288 |
| 035 ## - SYSTEM CONTROL NUMBER | |
| System control number | B-651388-412 |
| 035 ## - SYSTEM CONTROL NUMBER | |
| System control number | EN-100621 |
| 035 ## - SYSTEM CONTROL NUMBER | |
| System control number | B-666240 |
| 037 ## - SOURCE OF ACQUISITION | |
| Source of stock number/acquisition | Pragati |
| Stock number | dpl |
| 037 ## - SOURCE OF ACQUISITION | |
| Source of stock number/acquisition | DBAD/PUB |
| 082 ## - DEWEY DECIMAL CLASSIFICATION NUMBER | |
| Classification number | 003 |
| 100 ## - MAIN ENTRY--PERSONAL NAME | |
| Personal name | Lathi, B.P. |
| 245 ## - TITLE STATEMENT | |
| Title | Principles of signal processing and linear systems / |
| Statement of responsibility, etc | by B.P.Lathi |
| 250 ## - EDITION STATEMENT | |
| Edition statement | 9th ed. |
| 260 ## - PUBLICATION, DISTRIBUTION, ETC. (IMPRINT) | |
| Place of publication, distribution, etc | New Delhi |
| Name of publisher, distributor, etc | Oxford University Press |
| Date of publication, distribution, etc | 2015 |
| 270 ## - ADDRESS | |
| Address | YMCA Library Building, 1, Jai Singh Road, |
| City | New Delhi |
| Postal code | 110001 |
| 300 ## - PHYSICAL DESCRIPTION | |
| Extent | xi,840p. |
| Dimensions | 24cm(pbk) |
| Other physical details | illus. |
| 700 ## - ADDED ENTRY--PERSONAL NAME | |
| Personal name | Paula, Julio de |
| 700 ## - ADDED ENTRY--PERSONAL NAME | |
| Personal name | Smith, David. |
| 942 ## - ADDED ENTRY ELEMENTS (KOHA) | |
| Source of classification or shelving scheme | Dewey Decimal Classification |
| Item type | English Books |
| Classification part | 003 |
| Call number suffix | LAT |
| Withdrawn status | Lost status | Not for loan | Collection code | Home library | Current library | Date acquired | Source of acquisition | Cost, normal purchase price | Full call number | Barcode | Copy number | Cost, replacement price | Koha item type |
|---|---|---|---|---|---|---|---|---|---|---|---|---|---|
| Non-fiction | Andrews Gunj | Andrews Gunj | 08/02/2017 | BPPD/EN/2016-17/300/24.11.2016/IN339/2.12.2016/4.1.2017 | 595.00 | 003 LAT | B-651395 | 1 | 595.00 | English Books | |||
| Non-fiction | Ashok Vihar | Ashok Vihar | 04/05/2017 | BPPD/EN/2016-17/AV/16-17/466/15.02.2017/570/28.02.2017/10.3.2017 | 595.00 | 003 LAT | B-666240 | 1 | 595.00 | English Books | |||
| Non-fiction | Bagh Kadhe Khan | Bagh Kadhe Khan | 08/02/2017 | BPPD/EN/2016-17/300/24.11.2016/IN339/2.12.2016/4.1.2017 | 595.00 | 003 LAT | B-651401 | 1 | 595.00 | English Books | |||
| Non-fiction | Bawana | Bawana | 08/02/2017 | BPPD/EN/2016-17/300/24.11.2016/IN339/2.12.2016/4.1.2017 | 595.00 | 003 LAT | B-651403 | 1 | 595.00 | English Books | |||
| Non-fiction | Central Jail Tihar | Central Jail Tihar | 17/01/2017 | DBAD/PUB | 595.00 | 003 LAT | EN-100621 | 1 | 595.00 | English Books | |||
| Non-fiction | Central Library | Central Library | 08/02/2017 | BPPD/EN/2016-17/300/24.11.2016/IN339/2.12.2016/4.1.2017 | 595.00 | 003 LAT | B-651388 | 1 | 595.00 | English Books | |||
| Non-fiction | Janak Puri | Janak Puri | 08/02/2017 | BPPD/EN/2016-17/300/24.11.2016/IN339/2.12.2016/4.1.2017 | 595.00 | 003 LAT | B-651392 | 1 | 595.00 | English Books | |||
| Non-fiction | Kadipur | Kadipur | 08/02/2017 | BPPD/EN/2016-17/300/24.11.2016/IN339/2.12.2016/4.1.2017 | 595.00 | 003 LAT | B-651406 | 1 | 595.00 | English Books | |||
| Non-fiction | Karol Bagh | Karol Bagh | 08/02/2017 | BPPD/EN/2016-17/300/24.11.2016/IN339/2.12.2016/4.1.2017 | 595.00 | 003 LAT | B-651399 | 1 | 595.00 | English Books | |||
| Non-fiction | Kasturba Gandhi Marg | Kasturba Gandhi Marg | 08/02/2017 | BPPD/EN/2016-17/300/24.11.2016/IN339/2.12.2016/4.1.2017 | 595.00 | 003 LAT | B-651391 | 1 | 595.00 | English Books | |||
| Non-fiction | Katevara | Katevara | 08/02/2017 | BPPD/EN/2016-17/300/24.11.2016/IN339/2.12.2016/4.1.2017 | 595.00 | 003 LAT | B-651404 | 1 | 595.00 | English Books | |||
| Non-fiction | Mundaka | Mundaka | 08/02/2017 | BPPD/EN/2016-17/300/24.11.2016/IN339/2.12.2016/4.1.2017 | 595.00 | 003 LAT | B-651405 | 1 | 595.00 | English Books | |||
| Non-fiction | Narela | Narela | 08/02/2017 | BPPD/EN/2016-17/300/24.11.2016/IN339/2.12.2016/4.1.2017 | 595.00 | 003 LAT | B-651402 | 1 | 595.00 | English Books | |||
| Non-fiction | New Police Line | New Police Line | 08/02/2017 | BPPD/EN/2016-17/300/24.11.2016/IN339/2.12.2016/4.1.2017 | 595.00 | 003 LAT | B-651389 | 1 | 595.00 | English Books | |||
| Non-fiction | New Rohtak Road | New Rohtak Road | 08/02/2017 | BPPD/EN/2016-17/300/24.11.2016/IN339/2.12.2016/4.1.2017 | 595.00 | 003 LAT | B-651400 | 1 | 595.00 | English Books | |||
| Non-fiction | Patel Nagar | Patel Nagar | 08/02/2017 | BPPD/EN/2016-17/300/24.11.2016/IN339/2.12.2016/4.1.2017 | 595.00 | 003 LAT | B-651390 | 25 | 595.00 | English Books | |||
| Non-fiction | Qila Rai Pithora | Qila Rai Pithora | 08/02/2017 | BPPD/EN/2016-17/300/24.11.2016/IN339/2.12.2016/4.1.2017 | 595.00 | 003 LAT | B-651397 | 1 | 595.00 | English Books | |||
| Non-fiction | R.C.Libraries (BL-III) | R.C.Libraries (BL-III) | 08/02/2017 | BPPD/EN/2016-17/300/24.11.2016/IN339/2.12.2016/4.1.2017 | 595.00 | 003 LAT | B-651409 | 4 | 595.00 | English Books | |||
| Non-fiction | R.C.Libraries (BL-III) | R.C.Libraries (BL-III) | 08/02/2017 | BPPD/EN/2016-17/300/24.11.2016/IN339/2.12.2016/4.1.2017 | 595.00 | 003 LAT | B-651410 | 4 | 595.00 | English Books | |||
| Non-fiction | R.C.Libraries (BL-III) | R.C.Libraries (BL-III) | 08/02/2017 | BPPD/EN/2016-17/300/24.11.2016/IN339/2.12.2016/4.1.2017 | 595.00 | 003 LAT | B-651411 | 4 | 595.00 | English Books | |||
| Non-fiction | R.C.Libraries (BL-III) | R.C.Libraries (BL-III) | 08/02/2017 | BPPD/EN/2016-17/300/24.11.2016/IN339/2.12.2016/4.1.2017 | 595.00 | 003 LAT | B-651412 | 4 | 595.00 | English Books | |||
| Non-fiction | R.C.Libraries (zls) | R.C.Libraries (zls) | 08/02/2017 | BPPD/EN/2016-17/300/24.11.2016/IN339/2.12.2016/4.1.2017 | 595.00 | 003 LAT | B-651408 | 1 | 595.00 | English Books | |||
| Non-fiction | R.K.Puram-8 | R.K.Puram-8 | 08/02/2017 | BPPD/EN/2016-17/300/24.11.2016/IN339/2.12.2016/4.1.2017 | 595.00 | 003 LAT | B-651394 | 1 | 595.00 | English Books | |||
| Non-fiction | Sarojini Nagar | Sarojini Nagar | 08/02/2017 | BPPD/EN/2016-17/300/24.11.2016/IN339/2.12.2016/4.1.2017 | 595.00 | 003 LAT | B-651393 | 1 | 595.00 | English Books | |||
| Sarojini Nagar | Sarojini Nagar | 13/12/2022 | 003 LAT | B-60999 | English Books | ||||||||
| Non-fiction | Shahdara Branch | Shahdara Branch | 08/02/2017 | BPPD/EN/2016-17/300/24.11.2016/IN339/2.12.2016/4.1.2017 | 595.00 | 003 LAT | B-651407 | 1 | 595.00 | English Books | |||
| Non-fiction | Sriniwas Puri | Sriniwas Puri | 08/02/2017 | BPPD/EN/2016-17/300/24.11.2016/IN339/2.12.2016/4.1.2017 | 595.00 | 003 LAT | B-651396 | 1 | 595.00 | English Books | |||
| Non-fiction | Vinoba Puri | Vinoba Puri | 08/02/2017 | BPPD/EN/2016-17/300/24.11.2016/IN339/2.12.2016/4.1.2017 | 595.00 | 003 LAT | B-651398 | 1 | 595.00 | English Books |
